000 00448nam a2200181Ia 4500
001 25109
005 20260414151128.0
008 260414t2019||||xx |||||||||||||| ||spa||
041 _aESP
082 _a346.2
_bR84
100 _aRozalén Creus, Lucía
_eAUT
245 0 _aValidez y eficacia de los pactos matrimoniales
_b
260 _c2019
300 _a306 páginas :
_c23 cm.
650 _aDER
654 _aCDE
942 _cLIB
_dJUS
_fJUS
_2ddc
_n
999 _c25109
_d25109